kku e-library facility

Having a Baby (Record no. 168)

MARC details
000 -LEADER
fixed length control field 00356nam a2200133 4500
005 - DATE AND TIME OF LATEST TRANSACTION
control field 20260224115959.0
008 - FIXED-LENGTH DATA ELEMENTS--GENERAL INFORMATION
fixed length control field 260224b |||||||| |||| 00| 0 eng d
020 ## - INTERNATIONAL STANDARD BOOK NUMBER
International Standard Book Number 0563213663
100 ## - MAIN ENTRY--PERSONAL NAME
Personal name Kohner Nancy
245 ## - TITLE STATEMENT
Title Having a Baby
Statement of responsibility, etc. /Nancy Kohner
260 ## - PUBLICATION, DISTRIBUTION, ETC.
Place of publication, distribution, etc. London;
Name of publisher, distributor, etc. BBC Books Enterprises Limited;
Date of publication, distribution, etc. 1988
300 ## - PHYSICAL DESCRIPTION
Extent 232p, ill;
Dimensions 21cm
942 ## - ADDED ENTRY ELEMENTS (KOHA)
Source of classification or shelving scheme Library of Congress Classification
Suppress in OPAC No
Koha item type Books

No items available.

©2025 All rights reserved. KKU